Ponuka z Rzeszówa

Bibliographic Details
Main Author: (mat) (Author)
Format: Article
Language:Slovak
Subjects:

MARC

LEADER 00000nab a2200000 a 4500
001 vtls000916054
003 SK-MaSNL
005 20260304183308.0
008 040720e19920218xo 0 slo
035 |a KE24936 
040 |a KEVKJB  |b slo  |c KEVKJB  |e AACR2 
041 0 |a slo 
044 |a xo  |c SK 
080 |a 394.912  |2 1981 
100 0 |a (mat)  |4 aut  |9 873229 
245 1 0 |a Ponuka z Rzeszówa 
650 0 7 |a hospodárska spolupráca   |2 KEVKJB  |9 29398 
650 0 7 |a charakteristika  |2 KEVKJB  |9 30093 
650 0 7 |a informácie  |2 KEVKJB  |9 1285 
651 7 |a Košice (Slovensko)  |2 KEVKJB  |9 18694 
651 7 |a Rzešov (Poľsko)  |2 KEVKJB  |9 222141 
651 7 |a KE,  |2 KEVKJB  |9 877256 
655 7 |a periodikum  |2 snkbucl  |9 29553 
773 0 8 |t Slovenský východ  |g Roč. 2  |g Roč. 20, č.41, 18.2.1992, s. 2 
852 |a ZVYKNI  |b KIS3GCP 
999 |c 3034216  |d 3036146